| 000 | nam a22 7a 4500 | ||
|---|---|---|---|
| 999 |
_c24823 _d24823 |
||
| 008 | 170130b xxu||||| |||| 00| 0 eng d | ||
| 020 | _a9780838985076 | ||
| 050 | _aLB 3060.83 .S73 2009 | ||
| 100 | _aStandards for the 21st- Century Learner in Action. | ||
| 245 |
_aStandards for the 21st- Century Learner in Action/ _cStandards for the 21st- Century Learner in Action. |
||
| 260 |
_aU.S.A: _bAmerican Library Association, _c2009. |
||
| 300 |
_a120p.: _bill.; _c27cm. |
||
| 521 | _aIncludes index. | ||
| 650 | _aEducation- Standards. | ||
| 942 |
_2lcc _cBOOKS _hLB 3060.83 .S73 2009 |
||